[Event "Oberfranken-ch"]
[Site "Schney"]
[Date "2018.01.05"]
[Round "6"]
[White "Bauschke, Norman"]
[Black "Wilfert, Eva Maria"]
[Result "1/2-1/2"]
[WhiteElo "1638"]
[BlackElo "1670"]
[PlyCount "32"]
[EventDate "2018.01.03"]
[EventType "swiss"]
[EventRounds "7"]
[EventCountry "GER"]
[SourceTitle "CBM 182 Extra"]
[Source "ChessBase"]
[SourceDate "2018.02.23"]
[SourceVersion "1"]
[SourceVersionDate "2018.02.23"]
[SourceQuality "1"]

1. d4 d5 2. e4 dxe4 3. Nc3 Nf6 4. f3 exf3 5. Nxf3 Bg4 6. Bc4 e6 7. 0-0 Be7 8. Be3 a6 9. a4 Nc6 10. Ne2 Nb4 11. Ne5 Bh5 12. c3 Nbd5 13. Bg5 h6 14. Bxf6 Bxf6 15. Bxd5 exd5 16. Qd3 Bxe5 1/2-1/2

[Event "Oberfranken-ch"]
[Site "Schney"]
[Date "2018.01.03"]
[Round "2"]
[White "Kuhlemann, Claus"]
[Black "Wilfert, Eva Maria"]
[Result "1/2-1/2"]
[WhiteElo "1801"]
[BlackElo "1670"]
[PlyCount "120"]
[EventDate "2018.01.03"]
[EventType "swiss"]
[EventRounds "7"]
[EventCountry "GER"]
[SourceTitle "CBM 182 Extra"]
[Source "ChessBase"]
[SourceDate "2018.02.23"]
[SourceVersion "1"]
[SourceVersionDate "2018.02.23"]
[SourceQuality "1"]

1. f4 g6 2. Nf3 Bg7 3. d4 d5 4. e3 Nf6 5. Nc3 Nbd7 6. Bd3 0-0 7. 0-0 c5 8. dxc5 Nxc5 9. Ne5 Nxd3 10. cxd3 e6 11. d4 a6 12. a4 Bd7 13. b4 Rc8 14. Qd3 Ne8 15. Ba3 b5 16. axb5 axb5 17. Nxb5 f6 18. Nxd7 Qxd7 19. Rfc1 e5 20. dxe5 fxe5 21. Rxc8 e4 22. Qd1 Bxa1 23. Rc5 Bg7 24. Qxd5+ Qxd5 25. Rxd5 Nf6 26. Rc5 Ng4 27. Bc1 Ra8 28. h3 Nf6 29. Nd4 Bf8 30. Rc6 Nd5 31. b5 Ra1 32. Kf2 Rb1 33. Rc8 Kf7 34. g4 Be7 35. g5 Bd6 36. Rc4 Ke7 37. f5 Kd7 38. fxg6 hxg6 39. Bd2 Rb2 40. Rc2 Rb1 41. Bc1 Nb4 42. Rc4 Rxc1 43. Rxc1 Nd3+ 44. Kg2 Nxc1 45. h4 Nd3 46. Kh3 Ne5 47. h5 gxh5 48. Kh4 Bc5 49. Nc2 Ke6 50. Kxh5 Kf7 51. Kh6 Ng6 52. Kh5 Kg7 53. Kg4 Ne5+ 54. Kf5 Nc4 55. Kxe4 Nd2+ 56. Kd5 Nb3 57. Kc6 Ba7 58. e4 Kg6 59. e5 Kxg5 60. Nb4 Nd4+ 1/2-1/2

[Event "MVP-ch Seniors op 16th"]
[Site "Binz"]
[Date "2016.11.30"]
[Round "8.69"]
[White "Wilfert, Eva Maria"]
[Black "Tabbert, Dirk"]
[Result "1-0"]
[WhiteElo "1653"]
[BlackElo "1751"]
[PlyCount "61"]
[EventDate "2016.11.23"]
[EventType "swiss"]
[EventRounds "9"]
[EventCountry "GER"]
[SourceTitle "EXT 2018"]
[Source "ChessBase"]
[SourceDate "2017.10.13"]
[SourceVersion "1"]
[SourceVersionDate "2017.10.13"]
[SourceQuality "1"]

1. Nf3 d5 2. d4 Nc6 3. Nc3 Bg4 4. e3 e6 5. a3 Nf6 6. Be2 Bd6 7. Nb5 Be7 8. Nc3 0-0 9. h3 Bh5 10. b4 a6 11. Bb2 Nd7 12. e4 dxe4 13. Nxe4 Bg6 14. Bd3 b6 15. 0-0 Bd6 16. Qd2 Ne7 17. c4 Nf5 18. c5 Be7 19. Rac1 Nf6 20. cxb6 cxb6 21. Rc6 Nd5 22. Rfc1 Nd6 23. Nxd6 Bxd3 24. Nxf7 Rxf7 25. Qxd3 Nf4 26. Qe4 h6 27. Rc7 Nd5 28. R7c6 Nf4 29. Ne5 Rf6 30. Rc7 Bd6 31. Rd7 1-0

[Event "Hessen-ch Seniors op 12th"]
[Site "Bad Sooden-Allendorf"]
[Date "2016.05.06"]
[Round "7"]
[White "Wilfert, Eva Maria"]
[Black "Grueneschild, Hildegard"]
[Result "1/2-1/2"]
[WhiteElo "1655"]
[BlackElo "1419"]
[PlyCount "85"]
[EventDate "2016.04.30"]
[EventType "swiss"]
[EventRounds "9"]
[EventCountry "GER"]
[SourceTitle "EXT 2019"]
[Source "ChessBase"]
[SourceDate "2018.10.10"]
[SourceVersion "1"]
[SourceVersionDate "2018.10.10"]
[SourceQuality "1"]

1. Nf3 Nf6 2. d4 d6 3. c4 g6 4. Nc3 Bg7 5. Bf4 Nbd7 6. Qd2 0-0 7. Bh6 Re8 8. Bxg7 Kxg7 9. e4 e5 10. d5 Nc5 11. Qc2 Nh5 12. g3 f5 13. Be2 fxe4 14. Nxe4 Nxe4 15. Qxe4 Bf5 16. Qh4 Nf6 17. 0-0 Qd7 18. Qg5 h6 19. Qd2 Ne4 20. Qb4 Nc5 21. Rfe1 a5 22. Qd2 Ne4 23. Qe3 Nc5 24. Bf1 b6 25. Nh4 Bh3 26. Bg2 Bxg2 27. Nxg2 Rf8 28. a3 Qg4 29. Qe2 Qd7 30. b4 axb4 31. axb4 Rxa1 32. Rxa1 Nb3 33. Ra7 Nd4 34. Qa2 Nf3+ 35. Kh1 Rf7 36. Ra3 Nd4 37. Ne1 Qf5 38. Kg2 Qe4+ 39. Nf3 Nxf3 40. Rxf3 Qxf3+ 41. Kg1 Qd1+ 42. Kg2 Qf3+ 43. Kg1 1/2-1/2

[Event "Hessen-ch Seniors op 12th"]
[Site "Bad Sooden-Allendorf"]
[Date "2016.05.02"]
[Round "3"]
[White "Bill, Eugen"]
[Black "Wilfert, Eva Maria"]
[Result "1/2-1/2"]
[WhiteElo "1867"]
[BlackElo "1655"]
[PlyCount "86"]
[EventDate "2016.04.30"]
[EventType "swiss"]
[EventRounds "9"]
[EventCountry "GER"]
[SourceTitle "EXT 2019"]
[Source "ChessBase"]
[SourceDate "2018.10.10"]
[SourceVersion "1"]
[SourceVersionDate "2018.10.10"]
[SourceQuality "1"]

1. d4 d5 2. Nf3 Nf6 3. c4 c6 4. cxd5 cxd5 5. Nc3 g6 6. g3 Bg7 7. Bg2 0-0 8. 0-0 Nc6 9. a3 a6 10. b4 b5 11. Bb2 Rb8 12. Rc1 Bb7 13. e3 Ba8 14. Nd2 a5 15. Qb3 e6 16. bxa5 Nxa5 17. Qa2 Nc4 18. Ba1 Nxd2 19. Qxd2 Qe7 20. Qa2 Rfc8 21. Nxb5 Rxc1 22. Rxc1 Ne8 23. a4 Bb7 24. Bb2 Ba6 25. Ba3 Qd7 26. Bf1 Bf8 27. Bxf8 Kxf8 28. Qc2 Rc8 29. Qb2 Rxc1 30. Qxc1 Qb7 31. Qc5+ Kg7 32. Kg2 Qd7 33. Qa7 Qxa7 34. Nxa7 Bxf1+ 35. Kxf1 Nd6 36. Ke2 Kf8 37. Nb5 Nc4 38. f3 Ke7 39. e4 Kd7 40. exd5 exd5 41. Nc3 Kc6 42. Kd3 f5 43. h3 g5 1/2-1/2

[Event "MVP-ch Seniors op 15th"]
[Site "Binz"]
[Date "2015.11.30"]
[Round "7.75"]
[White "Schwandowski, Udo"]
[Black "Wilfert, Eva Maria"]
[Result "0-1"]
[WhiteElo "1508"]
[BlackElo "1371"]
[PlyCount "92"]
[EventDate "2015.11.24"]
[EventType "swiss"]
[EventRounds "9"]
[EventCountry "GER"]
[SourceTitle "EXT 2017"]
[Source "ChessBase"]
[SourceDate "2016.10.25"]
[SourceVersion "1"]
[SourceVersionDate "2016.10.25"]
[SourceQuality "1"]

1. d4 d5 2. Nf3 Nf6 3. e3 Bg4 4. c3 c6 5. Be2 g6 6. h3 Bd7 7. Qb3 Qc7 8. Ne5 Be6 9. Na3 Bg7 10. 0-0 0-0 11. Nd3 Nbd7 12. Nf4 Rab8 13. Nxe6 fxe6 14. c4 Qb6 15. Bd2 Qxb3 16. axb3 Ne4 17. Nc2 Nxd2 18. Rfd1 Ne4 19. Bg4 Rf6 20. Bf3 Ng5 21. Be2 a6 22. f3 Rbf8 23. h4 Nf7 24. b4 Nh6 25. g4 R6f7 26. Kg2 Nxg4 27. f4 Ngf6 28. b5 axb5 29. cxb5 cxb5 30. Ra7 Rc8 31. Ne1 Rc7 32. Bxb5 Rf8 33. Rda1 Nb6 34. Kf3 Ne4 35. Nd3 Nd6 36. Ba4 Nxa4 37. R1xa4 Rfc8 38. Nc5 Kf7 39. Ra8 Rxa8 40. Rxa8 Bf6 41. Kg4 h5+ 42. Kg3 Nf5+ 43. Kh3 Nxe3 44. Nxe6 Kxe6 45. Ra3 Nc2 46. Rg3 Kf7 0-1

[Event "MVP-ch Seniors op 15th"]
[Site "Binz"]
[Date "2015.11.26"]
[Round "3.87"]
[White "Wiebke, Elfriede"]
[Black "Wilfert, Eva Maria"]
[Result "0-1"]
[WhiteElo "993"]
[BlackElo "1371"]
[PlyCount "144"]
[EventDate "2015.11.24"]
[EventType "swiss"]
[EventRounds "9"]
[EventCountry "GER"]
[SourceTitle "EXT 2017"]
[Source "ChessBase"]
[SourceDate "2016.10.25"]
[SourceVersion "1"]
[SourceVersionDate "2016.10.25"]
[SourceQuality "1"]

1. e4 e6 2. d4 b6 3. Nc3 Bb7 4. Nf3 Nc6 5. a3 d6 6. Bb5 a6 7. Bxc6+ Bxc6 8. 0-0 Ne7 9. Re1 Ng6 10. d5 Bb7 11. dxe6 fxe6 12. Ng5 Qe7 13. Nd5 Qd7 14. Nf4 Nxf4 15. Bxf4 0-0-0 16. e5 h6 17. Nf3 g5 18. Be3 Qc6 19. h3 dxe5 20. Qe2 Bd6 21. Rad1 Rhf8 22. Rd3 Qb5 23. c4 Qe8 24. Rc3 Bxf3 25. gxf3 c5 26. Bc1 Qh5 27. Kg2 Rd7 28. Qe4 Kc7 29. Rd3 Qh4 30. Rxd6 Qxe4 31. Rxe4 Kxd6 32. Re3 Rf5 33. Rd3+ Kc6 34. Re3 Rd1 35. Rc3 Rf7 36. b4 cxb4 37. axb4 Rfd7 38. Bb2 R7d2 39. Ba3 Rd3 40. Bb2 Rxc3 41. Bxc3 Rc1 42. Bxe5 Rxc4 43. Bg7 h5 44. Bh6 g4 45. fxg4 hxg4 46. h4 Rxb4 47. Bd2 Rb5 48. Kg3 Rd5 49. Be3 b5 50. Kxg4 b4 51. h5 b3 52. Bc1 a5 53. h6 a4 54. Bb2 Kb5 55. h7 Rd8 56. h8Q Rxh8 57. Bxh8 Kc4 58. Bb2 Kd3 59. f4 Kc2 60. Ba3 b2 61. Bxb2 Kxb2 62. Kg5 a3 63. Kf6 a2 64. Kxe6 a1Q 65. f5 Qa2+ 66. Ke5 Qf7 67. f6 Kc3 68. Kf5 Kd4 69. Kg5 Ke5 70. Kg4 Qxf6 71. Kg3 Qf1 72. Kg4 Qf4+ 0-1

[Event "GER-chB Seniors 27th"]
[Site "Magdeburg"]
[Date "2015.08.20"]
[Round "6"]
[White "Wilfert, Eva Maria"]
[Black "Schumacher, Ursula"]
[Result "1/2-1/2"]
[WhiteElo "1655"]
[BlackElo "1605"]
[PlyCount "26"]
[EventDate "2015.08.15"]
[EventType "swiss"]
[EventRounds "9"]
[EventCountry "GER"]
[SourceTitle "EXT 2018"]
[Source "ChessBase"]
[SourceDate "2017.10.13"]
[SourceVersion "1"]
[SourceVersionDate "2017.10.13"]
[SourceQuality "1"]

1. d4 c6 2. Nf3 d5 3. Bf4 Bf5 4. Nc3 e6 5. e3 Nd7 6. Bd3 Bxd3 7. Qxd3 Ngf6 8. h3 Be7 9. 0-0 a6 10. Rfe1 c5 11. dxc5 Nxc5 12. Qe2 Nfe4 13. Nxe4 Nxe4 1/2-1/2

[Event "GER-chB Seniors 27th"]
[Site "Magdeburg"]
[Date "2015.08.18"]
[Round "4"]
[White "Ast, Erwin"]
[Black "Wilfert, Eva Maria"]
[Result "1-0"]
[WhiteElo "1789"]
[BlackElo "1655"]
[PlyCount "82"]
[EventDate "2015.08.15"]
[EventType "swiss"]
[EventRounds "9"]
[EventCountry "GER"]
[SourceTitle "EXT 2018"]
[Source "ChessBase"]
[SourceDate "2017.10.13"]
[SourceVersion "1"]
[SourceVersionDate "2017.10.13"]
[SourceQuality "1"]

1. d4 d5 2. Nf3 Nf6 3. e3 Bg4 4. c4 c6 5. Nc3 e6 6. Be2 Be7 7. 0-0 Bxf3 8. Bxf3 dxc4 9. a4 0-0 10. Be2 Na6 11. Bxc4 Nc7 12. Be2 Bb4 13. Bf3 Ncd5 14. Qb3 Rb8 15. Nxd5 Nxd5 16. Bxd5 exd5 17. Qxb4 h5 18. Qc5 a6 19. Bd2 h4 20. h3 Qd7 21. Bb4 g5 22. Qe7 Qf5 23. Qe5 Qg6 24. Bxf8 Rxf8 25. g4 f5 26. f3 fxg4 27. fxg4 Re8 28. Qf5 Qg7 29. Rf3 a5 30. Raf1 b6 31. Qf7+ Qxf7 32. Rxf7 Rxe3 33. Rb7 Rxh3 34. Rff7 Rg3+ 35. Kf2 Rxg4 36. Rg7+ Kf8 37. Rgf7+ Kg8 38. Kf3 Rxd4 39. Rfc7 Rf4+ 40. Kg2 Rf8 41. Rg7+ Kh8 1-0

[Event "GER-chB Seniors 27th"]
[Site "Magdeburg"]
[Date "2015.08.16"]
[Round "2"]
[White "Wiebke, Elfriede"]
[Black "Wilfert, Eva Maria"]
[Result "1/2-1/2"]
[WhiteElo "1318"]
[BlackElo "1655"]
[PlyCount "62"]
[EventDate "2015.08.15"]
[EventType "swiss"]
[EventRounds "9"]
[EventCountry "GER"]
[SourceTitle "EXT 2018"]
[Source "ChessBase"]
[SourceDate "2017.10.13"]
[SourceVersion "1"]
[SourceVersionDate "2017.10.13"]
[SourceQuality "1"]

1. e4 d5 2. exd5 Qxd5 3. Nc3 Qa5 4. Be2 Nf6 5. h3 e5 6. Nf3 Bd6 7. 0-0 0-0 8. a3 c5 9. Nb5 Be7 10. Nxe5 a6 11. Nc3 Be6 12. Bc4 Bxc4 13. Nxc4 Qc7 14. d3 b5 15. Ne3 Rd8 16. Nf5 Bf8 17. Bg5 Qb6 18. Bxf6 Qxf6 19. Ng3 Nc6 20. Nge4 Qg6 21. Qf3 Nd4 22. Qg3 Qxg3 23. fxg3 Nxc2 24. Rab1 Ne3 25. Rf3 Nd5 26. Rbf1 Ra7 27. Ng5 Nf6 28. Nce4 h6 29. Nxf6+ gxf6 30. Ne4 Rad7 31. Nxf6+ Kg7 1/2-1/2

[Event "Bayern-ch Seniors op 27th"]
[Site "Bergen"]
[Date "2015.06.15"]
[Round "9"]
[White "Walther, Renate"]
[Black "Wilfert, Eva Maria"]
[Result "0-1"]
[WhiteElo "837"]
[BlackElo "1389"]
[PlyCount "46"]
[EventDate "2015.06.15"]
[EventType "swiss"]
[EventRounds "9"]
[EventCountry "GER"]
[SourceTitle "EXT 2019"]
[Source "ChessBase"]
[SourceDate "2018.10.10"]
[SourceVersion "1"]
[SourceVersionDate "2018.10.10"]
[SourceQuality "1"]

1. e4 e6 2. d4 c5 3. Nf3 cxd4 4. Nxd4 Bc5 5. c3 Ne7 6. Be3 Qb6 7. Na3 Bxa3 8. bxa3 Qa5 9. a4 Qxc3+ 10. Ke2 a6 11. Rb1 Nbc6 12. Nxc6 Nxc6 13. g3 0-0 14. Bg2 e5 15. Re1 Qc4+ 16. Qd3 Qxa2+ 17. Kf1 Qxa4 18. Rec1 b5 19. Bc5 Re8 20. Bh3 Qa5 21. Bxd7 Rd8 22. Qd6 Bxd7 23. Rd1 Bh3+ 0-1

[Event "Hessen-ch Seniors op 11th"]
[Site "Bad Sooden-Allendorf"]
[Date "2015.05.09"]
[Round "1"]
[White "Wilfert, Eva Maria"]
[Black "Gerhardt, Peter Michael"]
[Result "0-1"]
[WhiteElo "1672"]
[BlackElo "2017"]
[PlyCount "55"]
[EventDate "2015.05.09"]
[EventType "swiss"]
[EventRounds "9"]
[EventCountry "GER"]
[SourceTitle "EXT 2018"]
[Source "ChessBase"]
[SourceDate "2017.10.13"]
[SourceVersion "1"]
[SourceVersionDate "2017.10.13"]
[SourceQuality "1"]

1. d4 Nf6 2. c4 c5 3. d5 b5 4. e3 g6 5. Nf3 Bg7 6. Be2 0-0 7. 0-0 d6 8. cxb5 a6 9. bxa6 Bxa6 10. Nc3 Nbd7 11. a3 Qb6 12. Rb1 Rfb8 13. Qc2 Bxe2 14. Qxe2 Qb7 15. e4 Qb3 16. Be3 Ne8 17. Nd2 Qb7 18. Nc4 Bxc3 19. bxc3 Qxb1 20. Bh6 Qb5 21. f4 Nb6 22. f5 Qxc4 23. Qg4 Nf6 24. Qg5 Nxe4 25. Qxe7 Nxd5 26. Qh4 Nd2 27. Qxc4 Nxc4 28. fxg6 0-1

[Event "Bayern-ch op Seniors 26th"]
[Site "Bergen"]
[Date "2014.06.28"]
[Round "9"]
[White "Rosmann, Armin"]
[Black "Wilfert, Eva Maria"]
[Result "1-0"]
[WhiteElo "1505"]
[BlackElo "1414"]
[PlyCount "59"]
[EventDate "2014.06.21"]
[EventType "swiss"]
[EventRounds "7"]
[EventCountry "GER"]
[SourceTitle "EXT 2018"]
[Source "ChessBase"]
[SourceDate "2017.10.13"]
[SourceVersion "1"]
[SourceVersionDate "2017.10.13"]
[SourceQuality "1"]

1. e4 e6 2. d4 b6 3. Nc3 Bb7 4. Nf3 Bb4 5. Bd3 Nf6 6. Bg5 Be7 7. 0-0 Ba6 8. Ne5 Bxd3 9. Nxd3 d6 10. f4 Nbd7 11. Qf3 h6 12. Bh4 0-0 13. Rad1 Rc8 14. e5 Nd5 15. Bxe7 Nxe7 16. Rf2 d5 17. g4 Ng6 18. f5 exf5 19. gxf5 Nh4 20. Qg3 Qg5 21. Nxd5 Qxg3+ 22. hxg3 Nxf5 23. Rxf5 Kh7 24. Rdf1 c5 25. Ne7 Rcd8 26. c3 cxd4 27. cxd4 Rfe8 28. Rxf7 a5 29. Nc6 Kg8 30. Nxd8 1-0

[Event "Bayern-ch op Seniors 26th"]
[Site "Bergen"]
[Date "2014.06.22"]
[Round "3"]
[White "Moderegger, Ludwig"]
[Black "Wilfert, Eva Maria"]
[Result "1-0"]
[WhiteElo "1528"]
[BlackElo "1414"]
[PlyCount "81"]
[EventDate "2014.06.21"]
[EventType "swiss"]
[EventRounds "7"]
[EventCountry "GER"]
[SourceTitle "EXT 2018"]
[Source "ChessBase"]
[SourceDate "2017.10.13"]
[SourceVersion "1"]
[SourceVersionDate "2017.10.13"]
[SourceQuality "1"]

1. d4 d5 2. c4 e6 3. e3 Nf6 4. Nc3 c6 5. Nf3 Be7 6. Bd3 dxc4 7. Bxc4 b5 8. Bb3 b4 9. Ne2 0-0 10. 0-0 Bb7 11. Bd2 a5 12. Rc1 Nbd7 13. Nf4 c5 14. Qe2 a4 15. Bc4 Nd5 16. Nd3 Rc8 17. e4 N5b6 18. Bb5 cxd4 19. Nxd4 Nb8 20. Nf3 Nc6 21. Bxc6 Bxc6 22. Nxb4 Bxb4 23. Bxb4 Re8 24. Rfd1 Qc7 25. Nd4 Qb7 26. f3 Nd7 27. a3 Nf6 28. Kh1 h6 29. h3 Bd7 30. Rc3 e5 31. Nc2 Bb5 32. Qf2 Bc4 33. Ne3 Bb3 34. Rdc1 Rxc3 35. Rxc3 Rd8 36. Nf5 Rd1+ 37. Kh2 Nd7 38. Qg3 g6 39. Nxh6+ Kg7 40. Ng4 Qb6 41. Ne3 1-0